000 00287nmm a2200097Ia 4500
008 220120s9999||||xx |||||||||||||||||und||
020 _a81-265-0205-3
100 _aMeier, Michael, L
245 0 _aintroduction to meterial science for engineers
260 _aTata mcgraw hill
_bNew Delhi
_c2010
999 _c139538
_d139538